000 01555nam0a2200349 4500
001 RU\NLR\BIBL_A\011351171
005 20240727002759.0
010 _a9785171016968
_93000
021 _aRU
_b2017-54226
_93862
021 _aRU
_b2017-12016
_9886
035 _a(RuMoRGB)008803260
035 _a(NLR Aleph) 011351171
090 _a11245962
_c11245962
100 _a20170322d2017 d y0rusy50 ca
101 0 _arus
102 _aRU
105 _aa z 000zy
200 1 _aБольшая книга тайн для мальчиков
_e[физическая подготовка: стань сильнее, транспорт юного путешественника, как защитить свой компьютер, ориентируемся на местности, поиграем в сыщиков, открой в себе скрытые способности
_eдля среднего школьного возраста]
_fА. Г. Мерников, С. С. Пирожник
210 _aМосква
_cАСТ
_d2017
215 _a159 с.
_cцв. ил.
_d29
225 1 _aСерия "Большая книга для мальчиков"
300 _aНа обл. авт. не указаны
333 _a6+
686 _aШ9:Я201(2)
_2rubbk
686 3 _aШ9
_bЯ20
700 1 _aМерников
_bА. Г.
_gАндрей Геннадьевич
701 1 _aПирожник
_bС. С.
_gСветлана Сергеевна
942 _cBOOK
980 _aNBR